Arquitectura de la Diputació de Barcelona / dibuixat pels estudiants de l'Escola Tècnica Superior d'Arquitectura de Barcelona, dirigits pels professors Jordi Bertran i Castellví, Josep Bosch i Espelta, Modest Masides i Serracant, ... [et al] de la Càtedra de Dibuix II, al llarg del curs 1986-1987
Publicado:
Barcelona :
Diputació de Barcelona : Escola Tècnica Superior d'Arquitectura de Barcelona. Universitat Politècnica de Catalunya ,
1988
Descripción Física:
Carpeta amb 18 làm. . col. ; 435 x 30 cm
Otros Autores:
Bertran Castellví, Jordi
MARC
| LEADER | 00000nam a2200000Ia 4500 | ||
|---|---|---|---|
| 001 | 8287 | ||
| 003 | BGR | ||
| 005 | 20260324180114.0 | ||
| 008 | 160829s1988 xx 000 0 cat d | ||
| 080 | |a FOL-1-1 | ||
| 245 | |a Arquitectura de la Diputació de Barcelona / dibuixat pels estudiants de l'Escola Tècnica Superior d'Arquitectura de Barcelona, dirigits pels professors Jordi Bertran i Castellví, Josep Bosch i Espelta, Modest Masides i Serracant, ... [et al] de la Càtedra de Dibuix II, al llarg del curs 1986-1987 | ||
| 260 | |a Barcelona : |b Diputació de Barcelona : |b Escola Tècnica Superior d'Arquitectura de Barcelona. Universitat Politècnica de Catalunya, |c 1988 | ||
| 300 | |a Carpeta amb 18 làm. . col. ; |c 435 x 30 cm | ||
| 590 | |a Conté 18 làmines: I, II i III: Drassanes (Museu Marítim). IV i V: Pavelló Rosa (Casa de Maternitat). VI: Pavelló de Lactància (Casa de Maternitat). VII i VIII: Arxiu Històric (Casa de Maternitat). IX: Casa del Metge (Clínica Mental de Santa Coloma de Gramenet). X: Museu Arqueològic. XI: Universitat Industrial (Escola Industrial). XII: Edifici del Rellotge (Escola Industrial). XIII: Escola del Treball (Escola Industrial). XIV: Església de la Residència Ramon Llull (Escola Industrial). XV: Residència Ramon Llull (Escola Industrial). XVI: Biblioteca de Catalunya. XVII: Granja Escola Torre Marimon de Caldes de Montbui. XVIII: Biblioteca de Catalunya (Pati de l'Antic Hospital de la Santa Creu). Hi ha un duplicat a: DUP-355 | ||
| 650 | |a Barcelona. Diputació |x Edificis |x Dibuixos |9 46555 | ||
| 650 | |a Arquitectura civil |x Barcelona |9 46556 | ||
| 650 | |a Dibuix arquitectònic |x S. XX |x Catalunya |9 46557 | ||
| 700 | |a Bertran Castellví, Jordi |9 35727 | ||
| 710 | 1 | |a Barcelona (Catalunya : Província). |b Diputació |9 52408 | |
| 710 | 2 | |a Universitat Politècnica de Catalunya |9 54344 | |
| 710 | 1 | |a Escola Tècnica Superior d'Arquitectura de Barcelona |9 70815 | |
| 901 | |a Arxiu | ||
| 942 | |n 1 |2 udc |c MON | ||
| 952 | |0 0 |1 0 |4 0 |6 FOL11 |7 1 |9 53272 |a Arxiu |b Arxiu |d 2016-12-01 |l 0 |o FOL-1-1 |p 8287 |r 2016-12-01 00:00:00 |w 2016-12-01 |y ARXIU | ||
| 999 | |c 57136 |d 57136 | ||